Études critiques sur l'histoire de la littérature française. (Record no. 180197)

MARC details
000 -LEADER
campo de control de longitud fija 00849nam a22001811i 4500
001 - NÚMERO DE CONTROL
campo de control 180197
003 - IDENTIFICADOR DE NÚMERO DE CONTROL
campo de control ES-MaACL
005 - FECHA Y HORA DE LA ÚLTIMA TRANSACCIÓN
campo de control 20250710064923.0
008 - DATOS DE LONGITUD FIJA--INFORMACIÓN GENERAL
campo de control de longitud fija 120516s1905 fr |||| | fre d
100 1# - ENTRADA PRINCIPAL--NOMBRE DE PERSONA
Nombre de persona Brunetière, Ferdinand.
9 (RLIN) 32173
245 10 - MENCIÓN DEL TÍTULO
Título Études critiques sur l'histoire de la littérature française.
Número de parte o sección de la obra Septième Sèrie,
Nombre de parte o sección de la obra Un épisode de la vie de Ronsard. Vaugelas et la thèorie de l'usage. Jean de la Fontaine. La langue de Molière. La bibliothèque de Bossuet. L'évolution de la tragédie. L'évolution littéraire de Victor Hugo. La littérature européenne au XIXe siècle. Honoré de Balzac.
250 ## - MENCION DE EDICION
Mención de edición 2e ed.
260 ## - PUBLICACIÓN, DISTRIBUCIÓN, ETC.
Lugar de publicación, distribución, etc. Paris :
Nombre del editor, distribuidor, etc. Lib. Hachette et Cie.,
Fecha de publicación, distribución, etc. 1905.
300 ## - DESCRIPCIÓN FÍSICA
Extensión 316 p. ;
Dimensiones 19 cm.
650 #4 - PUNTO DE ACCESO ADICIONAL DE MATERIA--TÉRMINO DE MATERIA
Término de materia o nombre geográfico como elemento de entrada Literatura francesa-
Subdivisión general Historia y crítica
9 (RLIN) 14586
852 ## - LOCALIZACIÓN
Ubicación ES-MaACL
Número de control de estantería F-8419
Holdings
Estatus retirado Estado de pérdida Estado de daño No para préstamo Biblioteca de origen Biblioteca actual Ubicación en estantería Fecha de adquisición Fuente de adquisición Total de préstamos Signatura topográfica completa Código de barras Visto por última vez Precio de reemplazo Tipo de ítem Koha
        Biblioteca del Ateneo de Madrid Biblioteca del Ateneo de Madrid Sala Pecera Planta 2 16/05/2012     F-8419 1189343 23/02/2023 23/02/2023 Libro impreso